|
|
|
|
| LEADER |
00000nam a22000007a 4500 |
| 005 |
20170604232751.0 |
| 007 |
cr|||| |||| |
| 008 |
170604s2016 es |||||s|||| 00||0 spa d |
| 020 |
|
|
|a 978-84-9085-948-3
|
| 035 |
|
|
|a 20329
|
| 040 |
|
|
|a vLex
|
| 090 |
|
|
|c 6750
|d 6750
|
| 100 |
1 |
|
|a Moreno Rodrg̕uez, Ricardo
|
| 245 |
1 |
0 |
|a Discapacidad vs empleo
|h [Recurso electrn̤ico] :
|b Aspectos a considerar para la inclusin̤ en el empleo ordinario /
|c Ricardo Moreno Rodrg̕uez
|
| 256 |
|
|
|a Servicio en ln̕ea
|
| 260 |
|
|
|a Madrid:
|b Dykinson,
|c 2016
|
| 300 |
|
|
|a 1 recurso electrn̤ico
|
| 500 |
|
|
|a En esta obra, el lector encontrar ̀las intervenciones de cada uno de los ponentes tal como se impartieron en el contexto del curso, ya que estǹ transcritas textualmente por FIAPAS. El objetivo, por tanto, es facilitar que las personas que accedan a este texto entiendan que la inclusin̤ en el empleo ordinario es posible, realista y necesaria, que aporta valor aądido a la empresa que apuesta por ello.
|
| 506 |
1 |
|
|a Disponible solo en los productos indicados
|d vLex Global
|d vLex Global (Academic Edition, excluding Law Schools)
|d vLex Global (U.S. Academic Edition, Law Schools)
|d vLex Global (U.S. Academic Edition, excluding Law Schools)
|d vLex Global (Academic Edition, Law Schools)
|
| 650 |
0 |
4 |
|a Derecho Laboral y Seguridad Social
|z Espaą
|
| 740 |
0 |
|
|a vLex Libros (Servicio en ln̕ea)
|
| 856 |
4 |
0 |
|u http://vlex.com/source/discapacidad-vs-empleo-aspectos-a-considerar-para-la-inclusion-en-el-empleo-ordinario-20329
|z Acceso restringido
|
| 942 |
|
|
|c BOOK
|
| 999 |
0 |
|
|a Labor law and social security
|